000 00501nam a22001577a 4500
082 _a621.31
_bRAH
100 _aRahman, Humza Abdul (363837)
_9132407
245 _aReliability Assessment of Polymeric Insulators under Accelerated Environmental Stresses /
264 _aIslamabad :
_bUSPCAS-E, NUST
_cSeptember, 2025
300 _axiii, 67 p.
_e+CD
520 _aTH-684
650 _aMS EEP Thesis
650 _aMS Thesis
_918721
700 _aSupervisor: Dr Syed Ali Abbas Kazmi
942 _2ddc
_cTHE
999 _c615601
_d615601